Тянь-Шань в новейшем этапе геологического развития: сборник статей

Detalhes bibliográficos
Autor Corporativo: Академия наук Киргизской ССР (АН КиргССР) Институт сейсмологии
Outros Autores: Чедин О. К. (редактор)
Idioma:russo
Publicado em: Фрунзе, Илим, 1989
Assuntos:
Formato: MixedMaterials Livro
KOHA link:https://koha.lib.tpu.ru/cgi-bin/koha/opac-detail.pl?biblionumber=254189

MARC

LEADER 00000nam0a2200000 4500
001 254189
005 20231101232919.0
010 |a 5835501293 
020 |a RU  |b 89-53372 
035 |a (RuTPU)RU\TPU\book\276620 
090 |a 254189 
100 |a 20140319d1989 k a0rusy5003 ca 
101 0 |a rus 
102 |a KG 
105 |a a z 001zy 
200 1 |a Тянь-Шань в новейшем этапе геологического развития  |e сборник статей  |f Академия наук Киргизской ССР (АН КиргССР), Институт сейсмологии ; под ред. О. К. Чедина 
210 |a Фрунзе  |c Илим  |d 1989 
215 |a 140 с.,[3] л. табл.  |c ил. 
320 |a Библиогр. в конце ст. 
606 1 |a Геология  |2 stltpush  |3 (RuTPU)RU\TPU\subj\6095  |9 34054 
610 1 |a Тянь-Шань 
610 1 |a геологическое развитие 
610 1 |a глубокие скважины 
610 1 |a плейстоцен 
610 1 |a палеография 
610 1 |a тектоника 
610 1 |a землетрясения 
675 |a 55(575)(082)  |z rus 
702 1 |a Чедин  |b О. К.  |4 340 
712 0 2 |a Академия наук Киргизской ССР (АН КиргССР)  |b Институт сейсмологии  |2 stltpush  |3 (RuTPU)RU\TPU\col\18213 
801 0 |a RU  |b RuMRKP  |c 19960704  |g psbo 
801 1 |a RU  |b 63413507  |c 20140319 
801 2 |a RU  |b 63413507  |c 20140523  |g RCR 
942 |c BK